| 000 | 00344 a2200109 4500 | ||
|---|---|---|---|
| 001 | ART_11997 | ||
| 005 | 20260410161902.0 | ||
| 008 | 260409a | ||
| 245 | 1 | 0 | _aOptimum income taxation with discrete populations |
| 100 | 1 | _aStern, Nicholas H. | |
| 773 | 0 |
_tJournal of public economics _g- Vol. 17, NÂș 2 (mar. 1982) _wREV11485 |
|
| 999 |
_c25989 _d25989 |
||